Horses, Prehistoric Horses, and Cows - Statistics

General Stats
  • This quiz has been taken 14 times
  • The average score is 7 of 16
Answer Stats
Picture Answer % Correct
Donkey
100%
Zebra
92%
Mule
83%
Pony
83%
Cow
75%
Yak
50%
Horse
42%
Zebu
33%
Water Buffalo
25%
Eohippus
17%
Hippidion
8%
Merychippus
8%
Mesohippus
8%
Miohippus
8%
Modern Horse
8%
Pliohippus
8%
No matching quizzes found
Score Distribution
Percent of People with Each Score
Percentile by Number Answered
Your Score History
You have not taken this quiz